| 000 -LEADER | |
|---|---|
| fixed length control field | 00253nam a22001217a 4500 |
| 020 ## - INTERNATIONAL STANDARD BOOK NUMBER | |
| ISBN | 101435549854 |
| 050 ## - LIBRARY OF CONGRESS CALL NUMBER | |
| Classification number | BJ 1257.G78 |
| 100 ## - MAIN ENTRY--AUTHOR NAME | |
| Personal name | GRUDEM, Wayne |
| 245 ## - TITLE STATEMENT | |
| Title | Christian Ethics |
| 260 ## - PUBLICATION, DISTRIBUTION, ETC. (IMPRINT) | |
| Place of publication | Wheaton |
| Name of publisher | Crossway |
| Year of publication | 2018 |
| 300 ## - PHYSICAL DESCRIPTION | |
| Number of Pages | 1296 |
| 942 ## - ADDED ENTRY ELEMENTS (KOHA) | |
| Koha item type | Books |
| Koha item type | Collection code | Shelving location | Accession Number | Permanent Location | Current Location | Date acquired | Full call number |
|---|---|---|---|---|---|---|---|
| Books | Lending | Book Cart | 9369 | Chapman Library | Chapman Library | 2019-08-16 | BJ 1251 |

